El retrato de Dorian Gray /
Guardado en:
| Autor Principal: | |
|---|---|
| Otros Autores: | |
| Formato: | Libro |
| Idioma: | Undetermined |
| Publicado: |
Buenos Aires :
Hyspamerica,
1983.
|
| Edición: | 1a ed. |
| Series: | Historia Universal de la Literatura ;
17 |
| Materias: | |
| Etiquetas: |
Agregar Etiqueta
Sin Etiquetas, Sea el primero en etiquetar este registro!
|
| LEADER | 00604nam a22001935a 4500 | ||
|---|---|---|---|
| 001 | CEM.cems024468 | ||
| 008 | 250206s1983####ag############000#0#und#d | ||
| 005 | 20250206154719.0 | ||
| 245 | 1 | 0 | |a El retrato de Dorian Gray / |c Oscar Wilde. |
| 250 | |a 1a ed. | ||
| 260 | |a Buenos Aires : |b Hyspamerica, |c 1983. | ||
| 300 | |a 286 p. | ||
| 490 | 1 | |a Historia Universal de la Literatura ; |v 17 | |
| 020 | |a 9506140197 | ||
| 100 | 1 | |a Wilde, Oscar. | |
| 700 | 1 | |a Gómez de la Serna, Julio; trad. | |
| 653 | |a Novela irlandesa | ||
| 653 | |a Literatura irlandesa | ||
| 859 | |a CEMS |b BIB. CEMS - 11 de abril |h 891.623 |i W644-1 |p 29721.24 |t Ej.1 | ||
